LEADER 00890nam a2200169 i 4500 001 000000229401 003 CaOOAMICUS 005 20140508000000.0 008 140508s1830 it u000 u lat u 013 $a208303 040 $aSeMil$bita 245 10$a[5]. 300 $aP. 2289-2864. 773 0 $aGaisruck, Karl Kajetan : von <1769-1846>$tThesaurus Patrum floresque doctorum ... dicta, sententiae et exampla ex ss. patribus probatissimisque scriptoribus collecta, et per locos comunes distributa, cura et opere plurimorum rebus sacris addictorum. Opus eminentissimo et reverendissimo Carolo Cajetano s.r.e. cardinali Gajsruck archiepiscopo mediolanensi humiliter dicatum.$dMediolani : Apud A. F. Stella et fil., 1827-1830$g5$w()29827 850 $aSeMil 852 $aSeMil$W1$xVenegono$y1$m2T II 36 FA$j179747$B179747$CSeMilBibl$Z2$F190860 $8I 996 $6245$a[5]$9(OLS)http://semarc/title/194674 LEADER 01484nam a2200241 i 4500 001 000000198374 003 CaOOAMICUS 005 20110301000000.0 008 110301s1981 it u000 u ita u 013 $a177062 040 $aSeMil$bita 100 1 $aFornaro, Giuseppe.$0(OLS)http://semarc/name/71784 245 10$aGuida al diritto di famiglia :$bcommento sistematico al nuovo diritto della famiglia. In appendice : Legge di riforma del diritto di famiglia (L. 19 maggio 1975 n.151) ; Legge sull'aborto (L. 22 maggio 1978 n. 194) ; Legge sulla maggiore età (L. 8 marzo 1975 n.39)... /$cGiuseppe Fornaro, Françoise Plantade. 246 04$iTitolo in copertina:$aIl diritto di famiglia 260 $aRoma :$bBuffetti,$ccopyr. 1981. 300 $a273 p. ;$c25 cm. 650 4$aDiritto di famiglia - Italia.$0(OLS)http://semarc/subject/37162 700 1 $aPlantade, Françoise.$0(OLS)http://semarc/name/71785 850 $aSeMil 852 $aSeMil$W1$xVenegono$y1$m3L II 214$j148930$B148930$CSeMilBibl$Z2$F160351 $81 996 $6245$aGuida al diritto di famiglia :$bcommento sistematico al nuovo diritto della famiglia. In appendice : Legge di riforma del diritto di famiglia (L. 19 maggio 1975 n.151) ; Legge sull'aborto (L. 22 maggio 1978 n. 194) ; Legge sulla maggiore età (L. 8 marzo 1975 n.39)...$9(OLS)http://semarc/title/286630 996 $6246$aIl diritto di famiglia$9(OLS)http://semarc/title/286631 996 $6260$aRoma :$bBuffetti$9(OLS)http://semarc/publisher/36156